MDQL
is popping MORE tags! Check the
thread
!
Quizzes
Events
Quiz Creation
Community
Videos
Private Events
Remove Ads
Sign In
Join for FREE
Feedback
Dark Mode
Quiz Categories
Sports
Geography
Music
Movies
Television
Just For Fun
Miscellaneous
History
Literature
Language
Science
Gaming
Entertainment
Religion
Holiday
For Kids
Quiz Lab
Recent
Popular Today
Quiz Kudos Today
Editor Picks
Curator Picks
Quizzes by...
Day
Popularity
Type
Ratings
Length
Year
Community
Subscriptions
Recent Discussions
Orange Saloon
Badges
Playlists
Quests
Create
Leaderboards
Showdown
Live 5
Trivia Bingo
Activity
Puzzle Library
Sporcle Events
Private Events
Virtual Trivia
Globe League
Become a Host
Pub Owners
SporcleCon
Opinionation
Our Games
Videos
Blog
Mobile Apps
Partnerships
Remove Ads and Go Orange
Feedback
Literature
Harry Potter
A Song of Ice and Fire
The Hunger Games
Literary Character
Shakespeare
Book
Author
Novel
Poem
Young Adult
Children's Books
Play
Lord of the Rings
Literature
Harry Potter
A Song of Ice and Fire
The Hunger Games
Literary Character
Shakespeare
Book
Author
Novel
Poem
Young Adult
Children's Books
Play
Lord of the Rings
Random Quiz
Search Sporcle
×
Quiz Lab
Quiz Lab
Literature
Novel
Type in answers that appear in a list
Type in answers that appear in a list
Classic
Best Score? Go Orange.
The Busher's Honeymoon Stats
On what did Jack the Busher spend his $30 when he got married in 1914?
By
Swissvale
10m
12 Questions
7 Plays
7 Plays
7 Plays
Comments
Comments
Give Quiz Kudos
Give Quiz Kudos
-
- Ratings
hide this ad
More Info
Replay
Link that replays current quiz
Next Quiz
Link to next quiz in quiz playlist
You Got
0%
They Got
Avg Score
47%
Avg Friend Score
Upgrade to see
Score Distribution
Jump to the score distribution portion of the page
Score
0/12
Timer
10:00
0
Plays Today
Amount
Answer
% Correct
$4.50
Hotel
85.7%
$0.30
Candy
85.7%
$14.50
New suit
71.4%
$0.50
Flowers
57.1%
$0.45
Carfair
57.1%
$3.50
Preist
42.9%
$0.35
Haircut and shave
42.9%
$2.00
License
42.9%
$0.05
Shine
42.9%
$3.00
Show tickets
14.3%
$0.25
Tobacco (both kinds)
14.3%
$0.60
Lost it somewheres
14.3%
Quiz Playlist
Details
Report
Send in Message
Add To Playlist
More Info:
Main character of the novel You Know Me Al by Ring Lardner; New York, Charles Scribner's Sons, 1916. First published Saturday Evening Post, 1914.
Classic:
Type in answers that appear in a list
Last Updated: Feb 16, 2017
Quiz Scoreboard
CHALLENGE
Sign Up to Join the Scoreboard
Show All
Scores
Hide
Comments
May contain spoilers
Recently Published
Famous 'C' Women
by xyz_
Entertainment
6m
Holiday 10x10 Sorting Gallery
by lukepisani3
Holiday
15m
Two Season TV Shows II
by 123Four
Television
10m
More to Explore
Quiz From the Vault
Featured Blog Post
14 Easter Pick-up Lines to Find Eggs With
hide this ad
You Might Also Like...
Tags
Baseball Quiz
Novel Quiz
chicago
Chicago White Sox
Wedding
Today's Top Quizzes in Literature
Browse Literature
hide this ad
Today's Top Quizzes in Novel
Browse Novel
Top Contributed Quizzes in Literature
1
Sneaky Slytherin Logic Puzzle
2
Game of Thrones: Hodor
3
Harry Potter logic puzzle: The Hogwarts Soap Opera
4
Criteria Quiz: Harry Potter Deaths
5
Moaning Myrtle's Bathroom: Logic Puzzle
6
Get The Picture: Black or White Literature
7
50 Books...Fast and Fatal!
8
Logic Puzzle: Avoid Dumbledore's Army
9
'Middle' Earth
10
Weasley Family Reunion: Logic Puzzle
Explore More
Trending Topics
Crossword
Kpop
NBA
Disney
Harry Potter
Anime
Marvel
Pokémon
Country
Puzzle
Song
NFL
The Office
WWE
Soccer
hide this ad
More By:
Swissvale
Quiz
Plays
Rating
Category
Featured
Created
MLB One Man Team: Offense
40,769
4.62
Sports
Apr 16, 2014
MLB - More Than Their Fair Share
7,002
4.90
Sports
Apr 18, 2014
True or False - Highest Career WAR by State of Birth
6,108
4.33
Sports
Apr 22, 2014
People on Time Magazine Covers by State
1,603
4.78
History
Oct 11, 2013
Do You Know The Lyrics To 'Brandy'
1,009
5.00
Music
Aug 5, 2013
Go to Creator's Profile
Score Distribution
Quiz Creator Spotlight
Swissvale
Follow
Send a Message
Quizzes Created
-
Created Quiz Play Count
-
More By This Creator
Popular Quizzes Today
1
Find the US States - No Outlines Minefield
2
Colored Red Africa Blitz
3
Find the 'City' Movie
4
The Countries of the World
5
Find the US States
6
5x2 Blitz: Bands
7
Find the Countries of Europe - No Outlines Minefield
8
US States
More Literature Quizzes
Author & Character Matchmaker
Published
Trending Quizzes
Colored Red Europe Blitz I
Colored Red Europe Blitz II
Colored Red Africa Blitz II
Colored Red Africa Blitz III
Colored Red Europe Blitz III
Recently Updated
Odd Team Out - Big 4 Players
pecheneg
Quick Pick: 20 Twenties
pecheneg
March Madness Men's Triple Doubles
pecheneg
How Do You Spell That?
pecheneg
Godzilla Movies
pecheneg
Grab Bag: 4-10 Letters
pecheneg
2024 March Madness Bracket
pecheneg
Famous TV Couples
Peacemaker
Champions League XIs: Real Madrid
pecheneg
Largest US Cities 1790-2010
pecheneg
Trending Topics
Crossword
Anime
Kpop
NBA
Harry Potter
Marvel
Disney
Puzzle
The Office
NFL
Pokémon
Country
Soccer
Song
WWE
Your Account Isn't Verified!
In order to create a playlist on Sporcle, you need to verify the email address you used during registration. Go to your
Sporcle Settings
to finish the process.
Report this User
Report this user for behavior that violates our
Community Guidelines
.
Details:
Send Report
Go to the Sporcle.com Mobile Site →
Comments